000 01345nam0a2200301 4500
001 RU\NLR\bibl\1283261
005 20260406184923.0
021 _aRU
_b2008-64946
_93698
035 _a(NLR Aleph) 001269006
090 _a427033
_c427033
100 _a20081010d2008 |||y0rusy50 ca
101 0 _arus
102 _aRU
105 _aach |||||||||
200 1 _aПетр 1
_eжила бы только Россия в благоденствии и славе
_f[изд. дом "Экон. газета"
_gгл. ред. Н.В. Якутин]
210 _aМосква
_cЭкономическая газета
_d2008
215 _a383 с.
_cил., цв. ил., портр., факс.
_d31
225 1 _aРусская классическая библиотека
_iЭкономика и духовность
225 1 _aРусские императоры в рассказах современников
600 0 _aПетр
_cимператор российский
_dI
_f1672 - 1725
_91224899
_3RU\NLR\auth\66180638
686 _aТ3(2)462,022.1
702 1 _aЯкутин
_bН. В.
_4340
712 0 2 _4570
_a"Экономическая газета", издательский дом
_cМосква
_3RU\NLR\AUTH\889950390
_9396564
801 0 _aRU
_bNLR
_c20081010
_gRCR
801 1 _aRU
_bNLR
_c20081010
942 _cBOOK
980 _aNB